01981nam a2200313 a 4500999001500000001000600015003000900021005001700030008004100047020001500088040002800103082002200131100002700153245033800180250001200518260005600530300002800586650002200614650003700636942001200673952011900685952013400804952011900938952011901057952011901176952011901295952011901414952013401533 c1080d108013322BD-DhUAP20200202150649.0200202s2008 bg 000 0 eng d a9848430725 aDLCcDLCdBD-DhUAPbEng00223a340.0954 RAK 1 aRakshit, Mridul Kanti.14aThe principles of Hindu law :bpersonal law of Hindus in Bangladesh and Pakistan, containing law of socio-economic relations of the members of the Hindu society as well as the socio-engineering law of property of Hindus as modified by various legislative enactments, with upto date judicial precedents /cby Sree Mridulkanti Rakshit. a6th ed. aChittagong, Bangladesh :bKamrul Book House,c2008. al, 1084 pages ;c26 cm. 0aHindu lawzIndia. 0aHindus--Legal status, laws, etc. 2ddccBK 00102ddc4070aUAPCLbUAPCLcGeneral Stacksd2020-02-02o340.0954 RAKp3010013322r2020-02-02t1w2020-02-02yBK 00102ddc4070aUAPCLbUAPCLcGeneral Stacksd2020-02-02l1o340.0954 RAKp3010013323r2026-01-27s2025-03-02t2w2020-02-02yBK 00102ddc4070aUAPCLbUAPCLcGeneral Stacksd2020-02-02o340.0954 RAKp3010011631r2020-02-02t3w2020-02-02yBK 00102ddc4070aUAPCLbUAPCLcGeneral Stacksd2020-02-02o340.0954 RAKp3010011632r2020-02-02t4w2020-02-02yBK 00102ddc4070aUAPCLbUAPCLcGeneral Stacksd2020-02-02o340.0954 RAKp3010012786r2020-02-02t5w2020-02-02yBK 00102ddc4070aUAPCLbUAPCLcGeneral Stacksd2020-02-02o340.0954 RAKp3010013324r2020-02-02t6w2020-02-02yBK 00102ddc4070aUAPCLbUAPCLcGeneral Stacksd2020-02-02o340.0954 RAKp3010013325r2020-02-02t7w2020-02-02yBK 00102ddc4070aUAPCLbUAPCLcGeneral Stacksd2020-02-02l3o340.0954 RAKp3010013326r2025-03-22s2025-03-12t8w2020-02-02yBK